Universal's guide to CLAT & LL.B.: (Record no. 181969)

MARC details
000 -LEADER
fixed length control field 00662nam a22001937a 4500
005 - DATE AND TIME OF LATEST TRANSACTION
control field 20221018155804.0
020 ## - INTERNATIONAL STANDARD BOOK NUMBER
Terms of availability 950.00
International Standard Book Number 9789389991505
035 ## - SYSTEM CONTROL NUMBER
System control number B-746022
037 ## - SOURCE OF ACQUISITION
Source of stock number/acquisition LexisNexis
082 ## - DEWEY DECIMAL CLASSIFICATION NUMBER
Classification number 000
100 ## - MAIN ENTRY--PERSONAL NAME
Personal name Arora, Manish
245 ## - TITLE STATEMENT
Title Universal's guide to CLAT & LL.B.:
Statement of responsibility, etc by Manish Arora
Remainder of title entrance examination 2021/
250 ## - EDITION STATEMENT
Edition statement 31st ed.
260 ## - PUBLICATION, DISTRIBUTION, ETC. (IMPRINT)
Place of publication, distribution, etc Gurgaon
Name of publisher, distributor, etc Lexis Nexis
Date of publication, distribution, etc 2021
270 ## - ADDRESS
Address 14th Floor, Building No-10, Tower-B, DLF Cyber City, Phase-II
City Gurgaon
Postal code 122002
300 ## - PHYSICAL DESCRIPTION
Extent xii, 1197p.:
Dimensions 24cm(pbk)
Other physical details ill.
942 ## - ADDED ENTRY ELEMENTS (KOHA)
Source of classification or shelving scheme Dewey Decimal Classification
Item type English Books
Call number suffix ARO
Classification part 000
Holdings
Withdrawn status Lost status Not for loan Collection code Home library Current library Date acquired Source of acquisition Cost, normal purchase price Full call number Barcode Copy number Cost, replacement price Koha item type Public note
      Non-fiction Ashok Vihar Ashok Vihar 18/10/2022 6.10.22/Gift 950.00 000 ARO B-746022 1 950.00 English Books Gift

© Delhi Public Library
Hit Counter
free hit counter